Statistics for 10 Largest Population Centres By Population Above The Arctic Circle

Click here to take the quiz!

General Stats

  • This quiz has been taken 27 times
  • The average score is 3 of 10

Answer Stats

CountryCounty/Region of RussiaPopulationCity/Town% Correct
NorwayTroms71,295Tromsø
89%
Russia_________ Oblast307,257Murmansk
85%
RussiaKrasnoyarsk Krai175,365Norilsk
41%
RussiaKomi Rep.70,548Vorkuta
33%
NorwayNordland50,000Bodo
26%
Russia(Same as #1)59,672Apatity
15%
Russia(Same as #1)50,060Severomorsk
11%
Russia(Same as #1)35,654Kandalaksha
7%
Russia(Same as #1)28,625Kirovsk
7%
Russia(Same as #1)45,261Monchegorsk
7%

Score Distribution

Percentile by Number Answered

Percent of People with Each Score

Your Score History

You have not taken this quiz